| 000 | 00000nam 2200000zi 4500 |
| 001 | 9.928720 |
| 003 | CaOODSP |
| 005 | 20240213084155 |
| 006 | m o d f |
| 007 | cr cn||||||||| |
| 008 | 231013e201904##nkc o f000 0 eng d |
| 040 | |aCaOODSP|beng|erda|cCaOODSP |
| 043 | |an-cnm-- |
| 086 | 1 |aAC5-54/2019-1E-PDF |
| 245 | 00|aResults at a glance : |bevaluation of the Atlantic Canada Opportunities Agency's Communities and Inclusive Growth programming. |
| 264 | 1|a[Moncton, N.B.] : |bAtlantic Canada Opportunities Agency, Evaluation, Risk and Advisory Services, |cApril 2019. |
| 300 | |a1 online resource (1 unnumbered page) |
| 336 | |atext|btxt|2rdacontent |
| 337 | |acomputer|bc|2rdamedia |
| 338 | |aonline resource|bcr|2rdacarrier |
| 500 | |aCaption title. |
| 500 | |aIssued also in French under title: Aperçu des résultats : évaluation du programme Collectivités et croissance inclusive de l'Agence de promotion économique du Canada atlantique. |
| 520 | |a"The Atlantic Canada Opportunities Agency’s (ACOA’s) Communities and Inclusive Growth (CIG) programming promotes rural economic development across the region by helping to: improve infrastructure; attract and retain people and labour; develop skills; build partnerships; and support priority-setting and strategic planning"--Page [1]. |
| 610 | 20|aAtlantic Canada Opportunities Agency|xEvaluation. |
| 650 | 0|aFederal aid to small business|zAtlantic Provinces|xEvaluation. |
| 650 | 0|aFederal aid to community development|zAtlantic provinces|xEvaluation. |
| 710 | 2 |aAtlantic Canada Opportunities Agency, |eissuing body. |
| 775 | 08|tAperçu des résultats : |w(CaOODSP)9.933799 |
| 856 | 40|qPDF|s612 KB|uhttps://publications.gc.ca/collections/collection_2024/apeca-acoa/AC5-54-2019-1-eng.pdf |
| 856 | 4 |qHTML|sN/A|uhttps://www.canada.ca/en/atlantic-canada-opportunities/corporate/transparency/acoa-cig-eval-2019-glance.html |